000 006000000a22001930004500
090 _aAR
_b00085
245 1 0 _aNew Eleutherodactyline frog from amazonian Ecuador
650 1 4 _aFauna
_992594
650 1 4 _aAnfibios
_992768
650 1 4 _aNuevas especies
_992905
650 1 4 _aBiología
_992
650 1 4 _aMorfología
_992917
651 4 _pAmazonia, Ecuador
_992749
653 _gEleutherodactylus
_eEleutherodactylus orphnolaimus
041 0 _aInglés
100 1 _aLynch, John D.
_992907
942 _cARTICULO
773 1 _tProceedings of the Biological Society of Washington
_341
_h21
_q221-226
_d1970
_g83
999 _c9186
_d9186